000
00287 a2200145 4500
001
175467
020
_a
85-7479-370-1
040
_c
Magnum
240
1
0
_a
O corpo humano
_l
por
245
1
0
_a
O corpo humano
300
_a
27
362
0
_a
2001
697
_a
CIĆNCIAS PURAS
942
_c
BK
999
_c
175467
_d
175467